| 000 | 01262cad a22002655a 4500 | ||
|---|---|---|---|
| 001 | E150913 | ||
| 008 | 100915s2009 xxk f 100 0 eng d | ||
| 020 | _a9781842195192 | ||
| 035 | _a(Sirsi) u150913 | ||
| 041 | 0 | _aeng | |
| 050 | 0 | 4 | _a692.5 $2 18 |
| 100 | 1 | _aOdeyinka, Henry | |
| 111 | 2 |
_aConstruction and Building Research Conference _cUniversity of Cape Town _d10-11 September 2009 |
|
| 245 | 0 | 3 |
_aAn evaluation of the budgetary reliability of bills of quantities in building procurement _h[electronic resource] |
| 260 |
_aLondon _bRICS _c2009 |
||
| 520 | _aPresents the results of research into the budgetary reliability of bills of quantities in building project procurement. The research was based on secondary data from some recently completed building projects in Northern Ireland and found that the reliability of bills of quantities varied depending on project types. | ||
| 590 | _aKA | ||
| 650 | 2 | 4 | _aCONSTRUCTION AND BUILDING RESEARCH CONFERENCE (COBRA) |
| 651 | 4 |
_aUnited Kingdom _y |
|
| 690 |
_aQuantity surveying _96263 |
||
| 700 | 1 | _aKelly, Shane | |
| 700 | 1 | _aPerera, Srinath | |
| 856 | 4 | 0 |
_uhttps://www.rics.org/site/scripts/download_info.aspx?fileID=5024&categoryID=524 _zView the item free of charge at www.rics.org |
| 942 | _n0 | ||
| 999 |
_c111017 _d111017 |
||